000 00725nam a22002770a 4500
001 PT62133
003 AR-LpoUNG
005 20210131232054.0
008 191001s1999||||ag |||||||||||||||||spa d
020 _a9875031046
_c$48
040 _aAR-LpoUNG
_bspa
_cAR-LpoUNG
_eaacr
041 _aspa
044 _aag
082 0 _a808.068 3 571cri
100 1 _aSiemens, Sandra
245 1 3 _aEl crimen del señor Ambrosio
250 _a1ra. ed.
260 _a[Buenos Aires] :
_bColihue : La página,
_c[1999].
300 _a47 p. :
_bil.
505 0 _aSugerido a partir de 6 años (etiqueta AMARILLA)
650 4 _aCUENTOS
650 4 _aLITERATURA
653 _aLITERATURA INFANTIL
905 _a62133
942 _cLIB
999 _c13587
_d13587